Canadians on the Nile : the Royal Ontario Museum and the discovery of ancient Egypt = Rives egyptiennes : le Musee royal de l'Ontario et la decouverte de l'Egypte ancienne /
Corporate Authors: ,
Format: Book
Language:
English
French
Published:
Paris :
Services culturels de l'Ambassade du Canada,
[1999].
Series:
Collection Esplanade.
Subjects:
Tags: Add Tag
Call Number: DT58.9 .G35 1999
| LEADER | 01297namaa2200325 4500 | ||
|---|---|---|---|
| 001 | 13418 | ||
| 003 | OSt | ||
| 005 | 20260503055845.0 | ||
| 008 | 130303s1999 fr a c 000 0 eng d | ||
| 010 | |a 00302231 | ||
| 020 | |a 1896940102 | ||
| 040 | |c ARCE Library | ||
| 041 | 0 | |a eng |a fre | |
| 043 | |a f-sj--- | ||
| 050 | 4 | |a DT58.9 .G35 1999 | |
| 245 | 0 | 0 | |a Canadians on the Nile : |b the Royal Ontario Museum and the discovery of ancient Egypt = Rives egyptiennes : le Musee royal de l'Ontario et la decouverte de l'Egypte ancienne / |c [Krzysztof Grzymski ... et al.]. |
| 246 | 3 | 0 | |a Royal Ontario Museum and the discovery of ancient Egypt. |
| 246 | 3 | 1 | |a Rives égtypiennes. |
| 264 | 1 | |a Paris : |b Services culturels de l'Ambassade du Canada, |c [1999]. | |
| 300 | |a 95 pages : |b illustrations (some color) ; |c 29 cm. | ||
| 490 | 0 | |a Collection Esplanade. | |
| 500 | |a "This exhibition is presented parallel to L'art égyptien au temps des pyramides, Grand Palais, Paris, 1999, April 9-July 12." -- title pages verso. | ||
| 546 | |a In English and French. | ||
| 650 | 0 | |a Canadians |z Sudan |x History. |9 7187 | |
| 651 | 0 | |a Sudan |x History |y 1881-1899. | |
| 710 | 2 | |a Canada. |b Embassy (France). |b Cultural Services. | |
| 710 | 2 | |a Royal Ontario Museum. | |
| 901 | |a reviewed | ||
| 942 | |c BK |2 lcc | ||
| 999 | |c 13312 |d 13312 | ||
